000 00761nam a22002537a 4500
001 25507
005 20260428173613.0
008 260427b |||||||| |||| 00| 0 spa d
020 _a9786123113209
041 _aESP
082 _a345.71
_bL36M
100 _aLedesma Narváez, Marianella
_eAUT
245 _aLas medidas cautelares en el proceso civil
250 _aPrimera edición
260 _aLima :
_bGaceta Jurídica,
_c2016
300 _a207 páginas :
_bcuadros ;
_c24 cm.
440 _a ;
650 _aCIS
653 _aMedidas cautelares, Peru; Derecho procesal civil, Perú
654 _aCDE
700 _a;
856 _zVéase además: Biblioteca Digital
_uhttps://itmsp.museknowledge.com/UCSP?groupID=2
942 _cLIB
_dJUS
_fMIP
_n0
_2ddc
999 _c25507
_d25507